Statistiques concernant Petit Bac #56 - Communes des Pays de la Loire

Cliquez ici pour prendre le quiz!

Statistiques générales

  • Ce quiz a été pris 57 fois
  • Le résultat moyen est 7 sur 14

Statistiques - réponses

1ère Lettre Commune (13000+ hab.) % Correct
NNantes
96%
SSaint-Nazaire / Saint-Herblain / Saumur / Saint-Sébastien-sur-Loire / Sèvremoine / Segré-en-Anjou Bleu / Sainte-Luce-sur-Loire / Saint-Brevin-les-Pins
90%
AAngers / Avrillé
88%
LLe Mans / La Roche-sur-Yon / Laval / La Chapelle-sur-Erdre / La Mauges-sur-Loire / Les Herbiers / Loire-Authion / La Baule-Escoublac / La Flèche / Les Sables-d'Olonne
88%
CCholet / Chemillé-en-Anjou / Couëron / Challans / Carquefou
76%
OOrvault / Orée d'Anjou
59%
RRezé
51%
PPornic
43%
GGuérande
39%
VVertou
35%
FFontenay-le-Comte
27%
BBeaupréau-en-Mauges / Bouguenais
22%
TTrélazé
22%
MMontrevault-sur-Èvre
8%

Distribution des résultats

Percentile by Number Answered

% des personnes avec chaque résultat

Votre développement - résultats

Vous n’avez pas pris ce quiz